00605nam a2200205Ia 4500008004100000020001800041050001400059100002400073245002300097245002700120260003200147260001800179260000900197300001400206300002500220300001000245440002200255999001900277952010300296180207s9999 xx 000 0 und d a9789715081444 bT266 2002 aTejido, Jose Miguel aSi Dindo pundido / cby Jose Muguel Tejido. aMetro Manila, Philippines : bAdarna House, c2002 aunpaged : bcolor illustration ; c17cm. aAdarna karanasan. c355795d355795 001040aSSISMbSSISMd2018-02-07l0oER T266 2002pSSISM5340r2018-02-07 00:00:00w2018-02-07yBK